书目信息 |
| 题名: |
中国建筑绿色建筑技术优秀论文集
|
|
| 作者: | 中国建筑股份有限公司科技与设计管理部组织 编写 | |
| 分册: | ||
| 出版信息: | 北京 中国建筑工业出版社 2013.10 |
|
| 页数: | 349页 | |
| 开本: | 27cm | |
| 丛书名: | ||
| 单 册: | ||
| 中图分类: | TU18-53 | |
| 科图分类: | ||
| 主题词: | 生态建筑 , 生态建筑--中国--文集 | |
| 电子资源: | ||
| ISBN: | 978-7-112-16085-3 | |
| 000 | 01341nam0 2200301 450 | |
| 001 | 0100140549 | |
| 005 | 20141020221316.0 | |
| 010 | @a978-7-112-16085-3@dCNY62.00 | |
| 100 | @a20140215d2013 em y0chiy50 ea | |
| 101 | 0 | @achi |
| 101 | 11 | @achi |
| 102 | @aCN@b110000 | |
| 105 | @aa z 000yy | |
| 106 | @ar | |
| 200 | 1 | @a中国建筑绿色建筑技术优秀论文集@Azhong guo jian zhu lu she jian zhu ji shu you xiu lun wen ji@b专著@f中国建筑股份有限公司科技与设计管理部组织编写@Fzhong guo jian zhu gu fen you xian gong si ke ji yu she ji guan li bu zu zhi bian xie |
| 210 | @a北京@c中国建筑工业出版社@d2013.10 | |
| 215 | @a349页@c图@d27cm | |
| 304 | @a中国建筑股份有限公司科技与设计管理部组织编写 | |
| 314 | @a主编取自本书编写委员会名单 | |
| 330 | @a本书内容包括房地产行业的绿色转型与实践、绿色三星建筑设计实例分析、绿色施工技术研究与应用等,针对北京中海地产广场、深圳证券交易所营运中心、长春西站综合交通换乘中心、新加坡共和理工学院新校区等工程中采用的绿色设计和施工技术进行了介绍。 | |
| 540 | @a中国建筑绿色建筑技术优秀论文集 | |
| 606 | 0 | @a生态建筑 |
| 606 | 0 | @a生态建筑@y中国@j文集 |
| 690 | @aTU18-53@v5 | |
| 701 | 0 | @a中国建筑股份有限公司科技与设计管理部组织@Azhong guo jian zhu gu fen you xian gong si ke ji yu she ji guan li bu zu zhi@4编写 |
| 801 | @aCN | |
| 901 | @a001 | |
| 905 | @b1103425-7@dTU18-53@eZ567@f3@a241430 | |
| 中国建筑绿色建筑技术优秀论文集/中国建筑股份有限公司科技与设计管理部组织编写.-北京:中国建筑工业出版社,2013.10 |
| 349页:图;27cm |
| ISBN 978-7-112-16085-3:CNY62.00 |
| 本书内容包括房地产行业的绿色转型与实践、绿色三星建筑设计实例分析、绿色施工技术研究与应用等,针对北京中海地产广场、深圳证券交易所营运中心、长春西站综合交通换乘中心、新加坡共和理工学院新校区等工程中采用的绿色设计和施工技术进行了介绍。 |
| ● |
| 相关链接 |
|
|
|
正题名:中国建筑绿色建筑技术优秀论文集
索取号:TU18-53/Z567
 
预约/预借
| 序号 | 登录号 | 条形码 | 馆藏地/架位号 | 状态 | 备注 |
| 1 | 1103425 | 211034254 | 建筑库101/101建筑库 27排2列5层/ [索取号:TU18-53/Z567] | 在馆 | |
| 2 | 1103426 | 211034263 | 建筑库101/101建筑库 27排2列5层/ [索取号:TU18-53/Z567] | 在馆 | |
| 3 | 1103427 | 211034272 | 建筑库101/101建筑库 27排2列5层/ [索取号:TU18-53/Z567] | 在馆 |